[Event "Benidorm 2011 - 10. Torneo sub-2000"]
[Site "Benidorm ESP"]
[Date "2011.12.06"]
[Round "5.3"]
[White "Elmas, Mustafa"]
[Black "Marcos Herrero, Francisco"]
[Result "1-0"]
[WhiteElo "1887"]
[BlackElo "1901"]
[PlyCount "49"]
[EventDate "2011.12.02"]
[EventType "swiss"]
[EventRounds "10"]
[EventCountry "ESP"]
[Source "lmi"]
[SourceDate "2011.12.02"]

1. e4 c5 2. Nf3 d6 3. d4 Nf6 4. Nc3 cxd4 5. Nxd4 g6 6. Be2 Bg7 7. Be3 Nc6 8.
Qd2 O-O 9. f3 Bd7 10. g4 Rc8 11. O-O-O Ne5 12. h4 Nc4 13. Bxc4 Rxc4 14. h5 Qa5
15. hxg6 fxg6 16. Nb3 Qa6 17. Bh6 Rf7 18. Bxg7 Kxg7 19. e5 Ne8 20. Ne4 Rxe4 21.
fxe4 Bxg4 22. exd6 Qxd6 23. Qh6+ Kg8 24. Rxd6 Nxd6 25. Nd2 1-0

[Event "Benidorm 2011 - 10. Torneo sub-2000"]
[Site "Benidorm ESP"]
[Date "2011.12.06"]
[Round "5.4"]
[White "Marti Blanes, Jose Manuel"]
[Black "Sanz Rodero, Mikel"]
[Result "1-0"]
[WhiteElo "1921"]
[BlackElo "1994"]
[PlyCount "61"]
[EventDate "2011.12.02"]
[EventType "swiss"]
[EventRounds "10"]
[EventCountry "ESP"]
[Source "lmi"]
[SourceDate "2011.12.02"]

1. d4 Nf6 2. c4 e6 3. Nc3 Bb4 4. g3 c5 5. Nf3 cxd4 6. Nxd4 Bxc3+ 7. bxc3 Ne4 8.
Qb3 Nc5 9. Qc2 O-O 10. Ba3 d6 11. Bg2 Qc7 12. O-O a6 13. Rab1 Nbd7 14. Nb3 Ne5
15. Nxc5 Nxc4 16. Qa4 Nxa3 17. Qxa3 dxc5 18. Qb3 Rb8 19. Qb6 Qe5 20. Rfd1 Qf5
21. e4 Qf6 22. Rd6 Qe7 23. e5 Bd7 24. Qc7 Qg5 25. Rxd7 b5 26. Rbd1 Rbc8 27. Qd6
b4 28. f4 Qf5 29. Qxa6 h5 30. Qd3 Qg4 31. h3 1-0

[Event "Benidorm 2011 - 10. Torneo sub-2000"]
[Site "Benidorm ESP"]
[Date "2011.12.06"]
[Round "5.5"]
[White "Moya Mallafre, Erik"]
[Black "Navarro Martinez, Daniel"]
[Result "1-0"]
[WhiteElo "1989"]
[BlackElo "1910"]
[PlyCount "101"]
[EventDate "2011.12.02"]
[EventType "swiss"]
[EventRounds "10"]
[EventCountry "ESP"]
[Source "lmi"]
[SourceDate "2011.12.02"]

1. d4 Nf6 2. Nf3 g6 3. g3 Bg7 4. Bg2 d6 5. c4 O-O 6. O-O Nc6 7. Nc3 e5 8. d5
Na5 9. Nd2 b6 10. b4 Nb7 11. Bb2 a5 12. a3 Nh5 13. e4 Qe8 14. Nb5 Qd8 15. Nb1
Bd7 16. N1c3 Nf6 17. Qd2 Ne8 18. f4 exf4 19. gxf4 f5 20. Nd4 Qf6 21. Nce2 fxe4
22. Bc3 Qe7 23. Nc6 Bxc6 24. dxc6 Nd8 25. Bxg7 Nxg7 26. Qd5+ Kh8 27. Bxe4 Nf5
28. Ng3 Qf6 29. Bxf5 gxf5 30. b5 Ne6 31. Rae1 Rae8 32. Re2 Nc5 33. Rxe8 Rxe8
34. Qxf5 Qxf5 35. Nxf5 Re4 36. Kg2 Rxc4 37. Re1 Re4 38. Rxe4 Nxe4 39. Kf3 Nd2+
40. Ke2 Ne4 41. Kd3 Nc5+ 42. Kc4 Ne6 43. Nxd6 cxd6 44. Kd5 Nc7+ 45. Kxd6 Nxb5+
46. Ke7 Nc7 47. f5 Kg8 48. f6 Nd5+ 49. Ke6 Nc7+ 50. Kd6 Ne8+ 51. Ke7 1-0

[Event "Benidorm 2011 - 10. Torneo sub-2000"]
[Site "Benidorm ESP"]
[Date "2011.12.06"]
[Round "5.7"]
[White "Rangelod Mayhalod, Georgi"]
[Black "Oualili, Abdelali"]
[Result "0-1"]
[WhiteElo "1960"]
[BlackElo "1894"]
[PlyCount "58"]
[EventDate "2011.12.02"]
[EventType "swiss"]
[EventRounds "10"]
[EventCountry "ESP"]
[Source "lmi"]
[SourceDate "2011.12.02"]

1. e4 c5 2. Nc3 d6 3. Nf3 Nc6 4. d4 cxd4 5. Nxd4 e6 6. Be3 Nf6 7. Be2 Be7 8. h3
d5 9. exd5 exd5 10. a3 O-O 11. Qd2 a6 12. g4 Bd7 13. O-O-O Ne4 14. Nxe4 dxe4
15. Bc4 Ne5 16. Bb3 Qc7 17. Kb1 Nc4 18. Qe2 b5 19. Bc1 Rfe8 20. h4 Rad8 21. h5
Bf8 22. g5 g6 23. hxg6 hxg6 24. Rh4 Bg7 25. Rxe4 Rxe4 26. Qxe4 Bf5 27. Qh4 Na5
28. Ka2 Nxb3 29. cxb3 Rxd4 0-1

[Event "Benidorm 2011 - 10. Torneo sub-2000"]
[Site "Benidorm ESP"]
[Date "2011.12.06"]
[Round "5.8"]
[White "Lopez Heras, Arturo"]
[Black "Perez Garcia, Juan Angel"]
[Result "0-1"]
[WhiteElo "1904"]
[BlackElo "1959"]
[PlyCount "36"]
[EventDate "2011.12.02"]
[EventType "swiss"]
[EventRounds "10"]
[EventCountry "ESP"]
[Source "lmi"]
[SourceDate "2011.12.02"]

1. c4 e5 2. Nc3 Nc6 3. e4 Bc5 4. Nf3 a6 5. a3 d6 6. b4 Ba7 7. Be2 Nge7 8. O-O
O-O 9. d3 f5 10. Be3 Nd4 11. Bxd4 exd4 12. Nb1 Ng6 13. Nbd2 Qf6 14. Nb3 c5 15.
Qd2 fxe4 16. dxe4 Nf4 17. g3 Nxe2+ 18. Qxe2 Qxf3 0-1

[Event "Benidorm 2011 - 10. Torneo sub-2000"]
[Site "Benidorm ESP"]
[Date "2011.12.06"]
[Round "5.9"]
[White "Rubio Mancebon, Pedro Jose"]
[Black "Bote Kobolo, Benjamin"]
[Result "0-1"]
[WhiteElo "2024"]
[BlackElo "1955"]
[PlyCount "108"]
[EventDate "2011.12.02"]
[EventType "swiss"]
[EventRounds "10"]
[EventCountry "ESP"]
[Source "lmi"]
[SourceDate "2011.12.02"]

1. d4 Nf6 2. c4 e6 3. Nf3 b6 4. g3 Bb7 5. Bg2 Bb4+ 6. Bd2 a5 7. O-O O-O 8. Bf4
Be7 9. Nc3 d6 10. Qc2 Nbd7 11. Rad1 h6 12. e4 Nh7 13. e5 dxe5 14. dxe5 Qc8 15.
Ne4 Nc5 16. Nfd2 Rd8 17. Nb3 Nxe4 18. Rxd8+ Qxd8 19. Rd1 Qe8 20. Bxe4 Bxe4 21.
Qxe4 Rd8 22. Rxd8 Qxd8 23. Qc6 Nf8 24. Kg2 Ng6 25. Qe4 Qd1 26. Be3 Qh5 27. Bd4
Qd1 28. Bc3 Kh7 29. h4 Qh5 30. Nd2 Qd1 31. Nf3 Kg8 32. Qa8+ Nf8 33. Qe4 Bc5 34.
Bd4 Be7 35. a3 Qa4 36. Qd3 Qd7 37. Qe4 Qa4 38. Qd3 Qc6 39. Kg1 Ng6 40. Bc3 Bf8
41. b4 Qa4 42. h5 Ne7 43. bxa5 bxa5 44. Be1 Nc8 45. c5 Ne7 46. Bd2 Nd5 47. Kg2
Qc6 48. Qc4 Ne7 49. Qc3 a4 50. Be3 Nf5 51. Qb4 Nxe3+ 52. fxe3 Bxc5 53. Qb8+ Bf8
54. Kf2 Qc2+ 0-1

[Event "Benidorm 2011 - 10. Torneo sub-2000"]
[Site "Benidorm ESP"]
[Date "2011.12.06"]
[Round "5.10"]
[White "Llacuna Cufi, Salvador"]
[Black "Ayza Casamitjana, Antoni"]
[Result "1-0"]
[WhiteElo "1954"]
[BlackElo "1837"]
[PlyCount "57"]
[EventDate "2011.12.02"]
[EventType "swiss"]
[EventRounds "10"]
[EventCountry "ESP"]
[Source "lmi"]
[SourceDate "2011.12.02"]

1. e4 c5 2. g3 Nc6 3. Bg2 g6 4. Ne2 Bg7 5. c3 e5 6. d3 Nge7 7. Be3 d6 8. O-O
Be6 9. Nd2 Qd7 10. f4 Bh3 11. Nf3 Bxg2 12. Kxg2 f5 13. fxe5 Nxe5 14. Nxe5 Bxe5
15. Qb3 O-O-O 16. d4 cxd4 17. cxd4 Bg7 18. d5 Kb8 19. Nf4 Be5 20. Ne6 Rc8 21.
a4 Rhe8 22. Rf2 b6 23. a5 b5 24. a6 Rc4 25. Ra5 Rc5 26. Bxc5 dxc5 27. Rxb5+ Kc8
28. Rxc5+ Bc7 29. Qb7# 1-0

[Event "Benidorm 2011 - 10. Torneo sub-2000"]
[Site "Benidorm ESP"]
[Date "2011.12.06"]
[Round "5.11"]
[White "Romero Calduch, Sergio"]
[Black "Gonzalez Pabollet, Jesus Maria"]
[Result "1/2-1/2"]
[WhiteElo "1889"]
[BlackElo "1950"]
[PlyCount "43"]
[EventDate "2011.12.02"]
[EventType "swiss"]
[EventRounds "10"]
[EventCountry "ESP"]
[Source "lmi"]
[SourceDate "2011.12.02"]

1. d4 Nf6 2. c4 e6 3. Nf3 d5 4. Nc3 c6 5. Bg5 Be7 6. e3 O-O 7. Qc2 Nbd7 8. a3
Ng4 9. Bxe7 Qxe7 10. h3 Ngf6 11. Rd1 b6 12. Bd3 Ba6 13. Ne5 c5 14. Nxd7 Qxd7
15. cxd5 Bxd3 16. Qxd3 exd5 17. dxc5 bxc5 18. Nxd5 Nxd5 19. Qxd5 Qb5 20. b4
Rac8 21. bxc5 Rxc5 22. Qd3 1/2-1/2

[Event "Benidorm 2011 - 10. Torneo sub-2000"]
[Site "Benidorm ESP"]
[Date "2011.12.06"]
[Round "5.12"]
[White "Diez Jover, Alberto"]
[Black "Ferrandiz Iserte, Albert"]
[Result "0-1"]
[WhiteElo "1866"]
[BlackElo "1946"]
[PlyCount "92"]
[EventDate "2011.12.02"]
[EventType "swiss"]
[EventRounds "10"]
[EventCountry "ESP"]
[Source "lmi"]
[SourceDate "2011.12.02"]

1. e4 e6 2. d4 d5 3. e5 c5 4. c3 Qb6 5. Nf3 Nc6 6. Bd3 cxd4 7. cxd4 Bd7 8. Nc3
Nxd4 9. Nxd4 Qxd4 10. O-O a6 11. Qe2 Ne7 12. Kh1 Nc6 13. f4 Nb4 14. Rd1 Bc5 15.
Bxa6 Qf2 16. Qxf2 Bxf2 17. Bb5 Bxb5 18. Nxb5 Rxa2 19. Rxa2 Nxa2 20. Nd6+ Kd7
21. Nxb7 Rc8 22. Bd2 Rc2 23. b4 Rb2 24. b5 f6 25. Nd6 Bc5 26. exf6 gxf6 27. Ne4
Be7 28. Bc3 Nxc3 29. Nxc3 Rb3 30. Rc1 d4 31. Ne2 e5 32. f5 Rxb5 33. g4 Kd6 34.
h4 Rb3 35. Kg2 Rb2 36. Kf3 Kd5 37. Rc7 e4+ 38. Kf2 Bd6 39. Rxh7 d3 40. g5 dxe2
41. Rd7 Ke5 42. Rxd6 Kxd6 43. g6 Ke7 44. h5 Kf8 45. h6 Kg8 46. h7+ Kg7 0-1

[Event "Benidorm 2011 - 10. Torneo sub-2000"]
[Site "Benidorm ESP"]
[Date "2011.12.06"]
[Round "5.14"]
[White "Muratet Casadevall, Elias"]
[Black "Perez Pardo, Sergio Ivan"]
[Result "1/2-1/2"]
[WhiteElo "1923"]
[BlackElo "1699"]
[PlyCount "91"]
[EventDate "2011.12.02"]
[EventType "swiss"]
[EventRounds "10"]
[EventCountry "ESP"]
[Source "lmi"]
[SourceDate "2011.12.02"]

1. d4 Nf6 2. h3 e6 3. Bf4 b6 4. Nf3 Bb7 5. e3 c5 6. c3 Be7 7. Be2 Ne4 8. O-O
O-O 9. Nbd2 f5 10. Nxe4 Bxe4 11. Bd3 Bb7 12. Be2 d6 13. Qb3 Bd5 14. Bc4 Bxc4
15. Qxc4 d5 16. Qe2 Nc6 17. a3 c4 18. Ne5 Nxe5 19. Bxe5 Bd6 20. Bxd6 Qxd6 21.
f4 b5 22. Rfb1 a5 23. Kh1 b4 24. g4 Rab8 25. cxb4 axb4 26. a4 b3 27. gxf5 exf5
28. Rc1 Rf6 29. Qf3 Qe6 30. a5 Qe4 31. Kg2 Qxf3+ 32. Kxf3 Ra6 33. Ra4 Kf7 34.
Ke2 Rb5 35. Rca1 Ke6 36. Kd2 Kd6 37. Kc3 Ke6 38. h4 g6 39. Rb4 Raxa5 40. Rxa5
Rxa5 41. Rb6+ Kf7 42. Rb7+ Kf6 43. Rxh7 Ra1 44. Rd7 Rc1+ 45. Kb4 Ke6 46. Rg7
1/2-1/2

[Event "Benidorm 2011 - 10. Torneo sub-2000"]
[Site "Benidorm ESP"]
[Date "2011.12.06"]
[Round "5.40"]
[White "Sola Sendra, Francesc"]
[Black "Amoros Moran, Jose Joaquin"]
[Result "0-1"]
[WhiteElo "1845"]
[BlackElo "1984"]
[PlyCount "41"]
[EventDate "2011.12.02"]
[EventType "swiss"]
[EventRounds "10"]
[EventCountry "ESP"]
[Source "lmi"]
[SourceDate "2011.12.02"]

1. Nf3 Nf6 2. c4 g6 3. d4 d6 4. g3 Bg7 5. Bg2 O-O 6. O-O Nc6 7. Nc3 a6 8. Re1
Rb8 9. a4 Bd7 10. Rb1 a5 11. e4 e5 12. dxe5 Nxe5 13. b3 Nfg4 14. Nd4 c6 15. Be3
f5 16. exf5 Nxe3 17. fxe3 Bxf5 18. e4 Bg4 19. Nf3 Nxf3+ 20. Bxf3 Bxf3 21. Qxf3
0-1

[Event "Benidorm 2011 - 10. Torneo sub-2000"]
[Site "Benidorm ESP"]
[Date "2011.12.06"]
[Round "5.41"]
[White "Maronda Escriva, Ivan"]
[Black "Roldan Gutierrez, Roque"]
[Result "0-1"]
[WhiteElo "1845"]
[BlackElo "1983"]
[PlyCount "59"]
[EventDate "2011.12.02"]
[EventType "swiss"]
[EventRounds "10"]
[EventCountry "ESP"]
[Source "lmi"]
[SourceDate "2011.12.02"]

1. d4 Nf6 2. Nf3 e6 3. Bf4 c5 4. e3 Nc6 5. Nc3 cxd4 6. Nxd4 a6 7. Nxc6 bxc6 8.
Be2 d5 9. Na4 Qa5+ 10. c3 c5 11. Rc1 Bd7 12. b3 Bxa4 13. bxa4 c4 14. Bf3 Ba3
15. Rc2 O-O 16. O-O Qxa4 17. Qe2 Rad8 18. Rd1 h6 19. h4 Rfe8 20. g4 e5 21. g5
Nh7 22. Bxd5 Rxd5 23. Rxd5 exf4 24. gxh6 g6 25. e4 f3 26. Qd1 Rxe4 27. Rd8+ Nf8
28. Qb1 Rxh4 29. Rcd2 Qa5 30. Qc2 0-1

[Event "Benidorm 2011 - 10. Torneo sub-2000"]
[Site "Benidorm ESP"]
[Date "2011.12.06"]
[Round "5.43"]
[White "Garcia Cervigon, Cecilio"]
[Black "Cartagena Sanchez, Javier"]
[Result "0-1"]
[WhiteElo "1844"]
[BlackElo "1982"]
[PlyCount "47"]
[EventDate "2011.12.02"]
[EventType "swiss"]
[EventRounds "10"]
[EventCountry "ESP"]
[Source "lmi"]
[SourceDate "2011.12.02"]

1. d4 Nf6 2. c4 g6 3. Nc3 Bg7 4. e4 d6 5. f3 O-O 6. Be3 e5 7. d5 a5 8. Qd2 Na6
9. Nge2 Nc5 10. Nc1 b6 11. Nd3 Nfd7 12. h4 f5 13. Bg5 Qe8 14. Nb5 Na6 15. Be3
Nf6 16. Nc3 f4 17. Bf2 Bd7 18. Be2 Rb8 19. Bd1 Nh5 20. Ne2 a4 21. Nc3 Nc5 22.
Nxc5 bxc5 23. Bxa4 Bxa4 24. Nxa4 0-1

[Event "Benidorm 2011 - 10. Torneo sub-2000"]
[Site "Benidorm ESP"]
[Date "2011.12.06"]
[Round "5.54"]
[White "Salgado Gonzalez, Julio"]
[Black "Rubio Trigueros, Jose Luis"]
[Result "1-0"]
[WhiteElo "1825"]
[BlackElo "1931"]
[PlyCount "25"]
[EventDate "2011.12.02"]
[EventType "swiss"]
[EventRounds "10"]
[EventCountry "ESP"]
[Source "lmi"]
[SourceDate "2011.12.02"]

1. d4 f5 2. Nf3 Nf6 3. Bg5 e6 4. Nc3 Be7 5. Bxf6 Bxf6 6. e4 fxe4 7. Nxe4 d5 8.
Ng3 Nc6 9. c3 a6 10. Bd3 Bd7 11. Ne5 Qe7 12. Qh5+ Kf8 13. Ng6+ 1-0

[Event "Benidorm 2011 - 10. Torneo sub-2000"]
[Site "Benidorm ESP"]
[Date "2011.12.06"]
[Round "5.57"]
[White "Delgado Lozano, Ignacio Maria"]
[Black "Diaz Illescas, Juan Carlos"]
[Result "1/2-1/2"]
[WhiteElo "1796"]
[BlackElo "1907"]
[PlyCount "57"]
[EventDate "2011.12.02"]
[EventType "swiss"]
[EventRounds "10"]
[EventCountry "ESP"]
[Source "lmi"]
[SourceDate "2011.12.02"]

1. d4 Nf6 2. Nf3 c5 3. c3 cxd4 4. cxd4 d6 5. Nc3 a6 6. Bg5 Nbd7 7. e3 g6 8. Bc4
b5 9. Bb3 Bg7 10. O-O O-O 11. Nd5 Bb7 12. Nxf6+ Nxf6 13. Bxf6 Bxf6 14. Rc1 Rc8
15. Qe2 Qd7 16. Rc3 Rc6 17. Rfc1 Rfc8 18. Rxc6 Rxc6 19. Rxc6 Qxc6 20. Qc2 e6
21. Qxc6 Bxc6 22. Bc2 a5 23. Nd2 Kf8 24. b3 e5 25. Be4 d5 26. dxe5 Bxe5 27. Bd3
f5 28. Nf3 Bf6 29. Nd4 1/2-1/2

[Event "Benidorm 2011 - 10. Torneo sub-2000"]
[Site "Benidorm ESP"]
[Date "2011.12.06"]
[Round "5.71"]
[White "Marina De La Torre, Ivan"]
[Black "Costa Correas, Francisco"]
[Result "1-0"]
[WhiteElo "1956"]
[BlackElo "1756"]
[PlyCount "65"]
[EventDate "2011.12.02"]
[EventType "swiss"]
[EventRounds "10"]
[EventCountry "ESP"]
[Source "lmi"]
[SourceDate "2011.12.02"]

1. d4 Nf6 2. Bg5 e6 3. e4 Be7 4. e5 Nd5 5. Bxe7 Nxe7 6. Bd3 d5 7. Nd2 Nd7 8.
Ne2 O-O 9. O-O f5 10. exf6 Nxf6 11. Nf3 b6 12. Ne5 c5 13. c3 c4 14. Bc2 a6 15.
Re1 Nf5 16. Nf4 g6 17. Qf3 Qd6 18. g3 Ra7 19. h4 Rg7 20. Qe2 b5 21. Kg2 b4 22.
Rh1 bxc3 23. bxc3 Nh5 24. Nxh5 gxh5 25. Qxh5 Bd7 26. a4 Be8 27. Qe2 Qe7 28. Nf3
h6 29. h5 Kh8 30. Rae1 Rf6 31. Bxf5 Rxf5 32. Qxe6 Bxh5 33. Qxf5 1-0

[Event "Benidorm 2011 - 10. Torneo sub-2000"]
[Site "Benidorm ESP"]
[Date "2011.12.06"]
[Round "6.1"]
[White "Chaikhiev Chaikhieva, Miguel A"]
[Black "Bru Rullo, Llatzer"]
[Result "1/2-1/2"]
[WhiteElo "1663"]
[BlackElo "1985"]
[PlyCount "124"]
[EventDate "2011.12.02"]
[EventType "swiss"]
[EventRounds "10"]
[EventCountry "ESP"]
[Source "lmi"]
[SourceDate "2011.12.02"]

1. d4 d5 2. c4 e6 3. Nc3 Nf6 4. Nf3 Nbd7 5. e3 c6 6. Bd2 Bd6 7. Qc2 O-O 8. Bd3
Qe7 9. O-O e5 10. e4 dxc4 11. Bxc4 exd4 12. Nxd4 Bxh2+ 13. Kxh2 Qe5+ 14. Kg1
Qxd4 15. Be2 Re8 16. Be3 Qb4 17. f3 Nb6 18. a3 Qe7 19. Kf2 Nbd5 20. Bd2 Qc5+
21. Ke1 Ne3 22. Bxe3 Qxe3 23. Qd2 Qxd2+ 24. Kxd2 Nh5 25. g4 Nf4 26. Ke3 Nxe2
27. Nxe2 Be6 28. Nd4 Rad8 29. Rfd1 Bc8 30. b4 Rd6 31. Rac1 Red8 32. Rd2 Bd7 33.
Rcc2 Be8 34. f4 Rh6 35. Rh2 Rxh2 36. Rxh2 Bd7 37. g5 g6 38. Nf3 Bg4 39. Ne5 Bc8
40. Rh1 Kg7 41. Ke2 Be6 42. Ke3 a5 43. Rc1 axb4 44. axb4 Ra8 45. Nd3 Ra3 46.
Kd4 Rb3 47. Ra1 b5 48. Rc1 Bc4 49. Ne5 Rxb4 50. Nxc6 Ra4 51. Ke5 Bd3 52. Nd4
Ra8 53. f5 Re8+ 54. Kd6 gxf5 55. exf5 Bc4 56. Ra1 Re4 57. Nc6 Rg4 58. f6+ Kg6
59. Ne5+ Kxg5 60. Nxg4 Kxg4 61. Ke5 Kg5 62. Rg1+ Kh6 1/2-1/2

[Event "Benidorm 2011 - 10. Torneo sub-2000"]
[Site "Benidorm ESP"]
[Date "2011.12.06"]
[Round "6.2"]
[White "Elmas, Mustafa"]
[Black "Moya Mallafre, Erik"]
[Result "1-0"]
[WhiteElo "1887"]
[BlackElo "1989"]
[PlyCount "107"]
[EventDate "2011.12.02"]
[EventType "swiss"]
[EventRounds "10"]
[EventCountry "ESP"]
[Source "lmi"]
[SourceDate "2011.12.02"]

1. e4 c5 2. Nf3 Nc6 3. d4 cxd4 4. Nxd4 Nf6 5. Nc3 e5 6. Ndb5 d6 7. Bg5 a6 8.
Na3 b5 9. Nd5 Be7 10. Bxf6 Bxf6 11. c3 O-O 12. Bd3 Bg5 13. Nc2 Ne7 14. Nce3 Be6
15. Bc2 Bxe3 16. Nxe3 d5 17. exd5 Nxd5 18. Nxd5 Qxd5 19. O-O Qc5 20. Bb3 Rad8
21. Qe2 Bf5 22. Rfe1 Rfe8 23. Rad1 Rd6 24. Rxd6 Qxd6 25. Rd1 Qc7 26. Rd5 Bd7
27. Qe3 h6 28. Qc5 Qxc5 29. Rxc5 Kf8 30. Rc7 Re7 31. Ra7 Bc8 32. Ra8 Rc7 33.
Kf1 Ke7 34. a4 Bb7 35. Rg8 g6 36. axb5 axb5 37. Rb8 Kd6 38. f3 Re7 39. Rf8 e4
40. Rxf7 exf3 41. gxf3 Rxf7 42. Bxf7 g5 43. Kf2 Bc6 44. Ke3 Ke5 45. b4 Bd7 46.
c4 bxc4 47. Bxc4 Bc6 48. Be2 Bb7 49. b5 h5 50. Bd3 Bd5 51. Be4 Bxe4 52. fxe4 g4
53. b6 Kd6 54. e5+ 1-0

[Event "Benidorm 2011 - 10. Torneo sub-2000"]
[Site "Benidorm ESP"]
[Date "2011.12.06"]
[Round "6.3"]
[White "Bote Kobolo, Benjamin"]
[Black "Marti Blanes, Jose Manuel"]
[Result "1-0"]
[WhiteElo "1955"]
[BlackElo "1921"]
[PlyCount "75"]
[EventDate "2011.12.02"]
[EventType "swiss"]
[EventRounds "10"]
[EventCountry "ESP"]
[Source "lmi"]
[SourceDate "2011.12.02"]

1. Nf3 Nf6 2. c4 g6 3. Nc3 Bg7 4. d4 O-O 5. e4 d6 6. Be2 e5 7. O-O Nc6 8. d5
Ne7 9. c5 Nh5 10. Be3 f5 11. cxd6 cxd6 12. exf5 Bxf5 13. Qb3 Nf4 14. Bxf4 exf4
15. Qb4 Bg4 16. h3 Bxf3 17. Bxf3 Nf5 18. Rad1 Qb6 19. Qa3 Rac8 20. Rd2 Bxc3 21.
bxc3 Qc5 22. Qa4 Qxc3 23. Rdd1 Rc4 24. Qxa7 Nd4 25. Bg4 f3 26. g3 Rb4 27. Be6+
Kh8 28. Rb1 Ne2+ 29. Kh2 Rb2 30. Rxb2 Qxb2 31. Qe3 Ra8 32. Qxf3 Kg7 33. Re1
Rxa2 34. Bg4 Qe5 35. Rxe2 Rxe2 36. Qxe2 Qxd5 37. Bf3 Qb3 38. Qe7+ 1-0

[Event "Benidorm 2011 - 10. Torneo sub-2000"]
[Site "Benidorm ESP"]
[Date "2011.12.06"]
[Round "6.4"]
[White "Oualili, Abdelali"]
[Black "Llacuna Cufi, Salvador"]
[Result "1-0"]
[WhiteElo "1894"]
[BlackElo "1954"]
[PlyCount "67"]
[EventDate "2011.12.02"]
[EventType "swiss"]
[EventRounds "10"]
[EventCountry "ESP"]
[Source "lmi"]
[SourceDate "2011.12.02"]

1. Nf3 b6 2. g3 Bb7 3. Bg2 Nf6 4. c4 e6 5. Nc3 d6 6. d4 Be7 7. Qc2 O-O 8. e4 c5
9. e5 dxe5 10. dxe5 Nfd7 11. Ng5 Bxg5 12. Bxb7 Bxc1 13. Rxc1 Nxe5 14. Bxa8 Nd3+
15. Ke2 Nxc1+ 16. Rxc1 Na6 17. Be4 f5 18. Rd1 Qf6 19. Bf3 g5 20. Rd7 Nb8 21.
Rxa7 Rd8 22. Kf1 Nd7 23. Ra8 Rxa8 24. Bxa8 Ne5 25. Qe2 g4 26. f4 Ng6 27. Qd2
Kf7 28. Qd6 Ne7 29. Qe5 Qh6 30. Kg1 Qf8 31. Bg2 Qd8 32. Nb5 Qd1+ 33. Bf1 Ng6
34. Nd6+ 1-0

[Event "Benidorm 2011 - 10. Torneo sub-2000"]
[Site "Benidorm ESP"]
[Date "2011.12.06"]
[Round "6.6"]
[White "Garcia Perez, Javier"]
[Black "Alfven, Jorgen"]
[Result "1/2-1/2"]
[WhiteElo "1997"]
[BlackElo "1896"]
[PlyCount "74"]
[EventDate "2011.12.02"]
[EventType "swiss"]
[EventRounds "10"]
[EventCountry "ESP"]
[Source "lmi"]
[SourceDate "2011.12.02"]

1. e4 c5 2. Nc3 Nc6 3. g3 g6 4. Bg2 Bg7 5. d3 d6 6. Be3 Nf6 7. h3 e6 8. f4 Nd4
9. Nf3 Nxf3+ 10. Qxf3 Nd7 11. g4 Bd4 12. O-O Bxe3+ 13. Qxe3 a6 14. f5 Ne5 15.
Rae1 Qe7 16. Ne2 Bd7 17. d4 cxd4 18. Qxd4 Bb5 19. Rf2 Bxe2 20. Rexe2 Rc8 21.
Rd2 Rc6 22. Bf1 Qc7 23. fxe6 fxe6 24. Rf6 Ke7 25. Qf2 Qb6 26. c3 Qxf2+ 27.
Rfxf2 Rf8 28. Rxf8 Kxf8 29. Kf2 Ke7 30. Ke3 Rc8 31. Rf2 g5 32. Be2 Ng6 33. Rf1
Nf4 34. Bf3 e5 35. Rh1 Ng6 36. Be2 Nf4 37. Bf3 Rh8 1/2-1/2

[Event "Benidorm 2011 - 10. Torneo sub-2000"]
[Site "Benidorm ESP"]
[Date "2011.12.06"]
[Round "6.7"]
[White "Ruiz De Alegria Madariaga, Carl"]
[Black "Arroyo Rodriguez, Jesus"]
[Result "0-1"]
[WhiteElo "1903"]
[BlackElo "1980"]
[PlyCount "64"]
[EventDate "2011.12.02"]
[EventType "swiss"]
[EventRounds "10"]
[EventCountry "ESP"]
[Source "lmi"]
[SourceDate "2011.12.02"]

1. d4 d5 2. c4 e6 3. Nc3 Nf6 4. Bg5 Be7 5. e3 O-O 6. Nf3 a6 7. a4 c5 8. Bd3 Nc6
9. cxd5 cxd4 10. dxc6 dxc3 11. bxc3 Qa5 12. Qc2 h6 13. Bh4 bxc6 14. O-O Ra7 15.
Nd4 Bb7 16. Rfd1 c5 17. Nb3 Qc7 18. Bg3 e5 19. c4 Nh5 20. Be4 Bc8 21. Qe2 Nxg3
22. hxg3 f5 23. Bd5+ Kh8 24. f4 Bd7 25. Kf2 Rb8 26. Qc2 Bf6 27. Ra2 a5 28. Nc1
e4 29. Ne2 Rb4 30. Nc3 Bxc3 31. Qxc3 Bxa4 32. Be6 Bxd1 0-1

[Event "Benidorm 2011 - 10. Torneo sub-2000"]
[Site "Benidorm ESP"]
[Date "2011.12.06"]
[Round "6.8"]
[White "Marcos Herrero, Francisco"]
[Black "Campos Cayuelas, Adria"]
[Result "0-1"]
[WhiteElo "1901"]
[BlackElo "1979"]
[PlyCount "22"]
[EventDate "2011.12.02"]
[EventType "swiss"]
[EventRounds "10"]
[EventCountry "ESP"]
[Source "lmi"]
[SourceDate "2011.12.02"]

1. d4 d5 2. c4 e6 3. Nf3 Nf6 4. g3 Be7 5. Bg2 dxc4 6. O-O O-O 7. Qc2 a6 8. a4
Nbd7 9. Qxc4 b5 10. axb5 axb5 11. Rxa8 bxc4 0-1

[Event "Benidorm 2011 - 10. Torneo sub-2000"]
[Site "Benidorm ESP"]
[Date "2011.12.06"]
[Round "6.9"]
[White "Ponce Cano, Adrian"]
[Black "Tonus, Alex"]
[Result "1/2-1/2"]
[WhiteElo "1892"]
[BlackElo "1965"]
[PlyCount "35"]
[EventDate "2011.12.02"]
[EventType "swiss"]
[EventRounds "10"]
[EventCountry "ESP"]
[Source "lmi"]
[SourceDate "2011.12.02"]

1. e4 c5 2. Nf3 d6 3. Nc3 Nf6 4. Bc4 e6 5. O-O Be7 6. Re1 O-O 7. d3 Nc6 8. a4
a6 9. h3 h6 10. Bf4 b6 11. e5 dxe5 12. Nxe5 Nxe5 13. Bxe5 Bb7 14. Re3 Nd5 15.
Rg3 f6 16. Bxd5 exd5 17. Bf4 Bd6 18. Qg4 1/2-1/2

[Event "Benidorm 2011 - 10. Torneo sub-2000"]
[Site "Benidorm ESP"]
[Date "2011.12.06"]
[Round "6.10"]
[White "Salido Polo, Veronica"]
[Black "Romero Haro, Florentino"]
[Result "1-0"]
[WhiteElo "1964"]
[BlackElo "1893"]
[PlyCount "47"]
[EventDate "2011.12.02"]
[EventType "swiss"]
[EventRounds "10"]
[EventCountry "ESP"]
[Source "lmi"]
[SourceDate "2011.12.02"]

1. e4 d5 2. exd5 Qxd5 3. Nc3 Qa5 4. d4 Nf6 5. Nf3 c6 6. Bd2 Bf5 7. Bc4 e6 8.
O-O Nbd7 9. Nd5 Qd8 10. Nf4 g5 11. Nxg5 h6 12. Ngxe6 fxe6 13. Bxe6 Bxe6 14.
Nxe6 Qb6 15. Qe1 Kf7 16. Ba5 Re8 17. Bxb6 Rxe6 18. Qc3 axb6 19. Qb3 Bd6 20.
Rfe1 Rhe8 21. Rxe6 Rxe6 22. Re1 Nf8 23. Rxe6 Nxe6 24. Qxb6 1-0

[Event "Benidorm 2011 - 10. Torneo sub-2000"]
[Site "Benidorm ESP"]
[Date "2011.12.06"]
[Round "6.11"]
[White "Babakhanyan, Varuzhan"]
[Black "Ruiz De Alegria Garcia, Carlos"]
[Result "1/2-1/2"]
[WhiteElo "1953"]
[BlackElo "1893"]
[PlyCount "59"]
[EventDate "2011.12.02"]
[EventType "swiss"]
[EventRounds "10"]
[EventCountry "ESP"]
[Source "lmi"]
[SourceDate "2011.12.02"]

1. Nf3 Nf6 2. g3 g6 3. Bg2 Bg7 4. O-O O-O 5. d3 d5 6. Nbd2 c6 7. e4 dxe4 8.
dxe4 Bg4 9. h3 Bxf3 10. Qxf3 Nbd7 11. a4 Qc7 12. Rb1 a5 13. Qe2 e5 14. b3 b5
15. Ba3 b4 16. Bb2 Nb6 17. Rfd1 Rfd8 18. Nc4 Nfd7 19. Bc1 Nxc4 20. Qxc4 Nf8 21.
Bg5 Rxd1+ 22. Rxd1 Ne6 23. Be3 Rd8 24. Rxd8+ Nxd8 25. Bf1 Ne6 26. c3 Bf8 27.
Bd2 Qd7 28. Qd3 Qxd3 29. Bxd3 c5 30. Bc2 1/2-1/2